| 000 | 00962cam a2200241 4500 | ||
|---|---|---|---|
| 001 | ##L100516 | ||
| 002 | ##2832 | ||
| 008 | 000000n1998 000 0 eng u | ||
| 020 | _a0418840504 | ||
| 035 | _a(Sirsi) u100189 | ||
| 041 | 0 | _aeng | |
| 050 | 0 | 4 | _a692.8 $2 18 |
| 110 | 2 |
_aJoint Contracts Tribunal _93664 |
|
| 240 | 0 | 0 | _aJCT 98 |
| 245 | 0 | 0 |
_aStandard Form of Building Contract 1998 Edition _bLocal Authorities With Quantities |
| 260 |
_aLondon _bRIBA Publications _c1998 |
||
| 300 |
_a104p. _c30cm. |
||
| 490 | _aJCT Standard Form of Building Contract Local Authorities With Quantities (1998 Edition) | ||
| 520 | _aSuperseded by SBC/Q : Standard Building Contract With Quantities 2005 (ISBN 0418823200). | ||
| 650 | 2 | 4 | _aJCT STANDARD FORM OF BUILDING CONTRACT LOCAL AUTHORITIES WITH QUANTITIES (1998 EDITION) |
| 690 | _aBUILT ENVIRONMENT-BUILDING CONTRACT FORMS-STANDARD FORMS OF BUILDING CONTRACT-JOINT CONTRACTS TRIBUNAL CONTRACTS | ||
| 942 | _n0 | ||
| 999 |
_c99633 _d99633 |
||